00446nam a2200157 a 4500008004100000050001500041100003000056245003400086246002600120260004300146300002200189350000900211650003200220650001400252700002200266120416s1964 ||||||||||||||||| || u aHC 800 Eco aHerskovits, Melville Jean10aEconomic transition in Africa aMelville J. Herkovits aLondonbRoutledge and Kegan Paulc1964 axviii, 44p. : ill a0.00 aECONOMIC TRANSITION--AFRICA 0aECONOMICS aHarwitz, Mitchell